|
|
|
|
| LEADER |
01726nam a2200313 a 4500 |
| 001 |
15805701 |
| 008 |
100711r2009 caua b 001 0 eng d |
| 010 |
|
|
|a 2009284756
|
| 020 |
|
|
|a 9788184892161
|
| 020 |
|
|
|a 9781590599686 (pbk.)
|
| 020 |
|
|
|a 1590599683 (pbk.)
|
| 020 |
|
|
|a 9781430206286 (e-ISBN)
|
| 040 |
|
|
|a BTCTA
|c BTCTA
|d BAKER
|d YDXCP
|d OCO
|d CDX
|d BWX
|d DLC
|d BD-DhAAL
|
| 082 |
0 |
4 |
|a 005.7565
|2 22
|
| 100 |
1 |
|
|a Fernandez, Iggy.
|
| 245 |
1 |
0 |
|a Beginning Oracle Database 11g administration :
|b from novice to professional /
|c Iggy Fernandez.
|
| 260 |
|
|
|a Berkeley, CA :
|b Apress ;
|a New York ;
|a NewDelhi :
|b Distributed by Springer-Verlag,
|c c2009.[Reprinted]
|
| 300 |
|
|
|a xxxi, 430 p. :
|b ill. ;
|c 24 cm.
|
| 490 |
0 |
|
|a The expert's voice in Oracle
|
| 504 |
|
|
|a Includes bibliographical references and index.
|
| 505 |
0 |
|
|a pt. 1. Database concepts. Relational database management systems -- SQL and PL/SQL -- Oracle architecture -- pt. 2. Database implementation. Planning -- Software installation -- Database creation -- Physical database design -- User management and data loading -- pt. 3. Database support. Taking control -- Monitoring -- Fixing problems -- Backups -- Recovery -- Database maintenance -- The big picture and the ten deliverables -- pt. 4. Database tuning. Instance tuning -- SQL tuning.
|
| 541 |
1 |
|
|e 00020586
|
| 630 |
0 |
0 |
|a Oracle (Computer file)
|
| 650 |
|
0 |
|a Relational databases.
|
| 650 |
|
0 |
|a Database management.
|
| 830 |
|
0 |
|a Expert's voice in Oracle.
|
| 852 |
4 |
|
|a Ayesha Abed Library
|j General shelf
|
| 999 |
|
|
|c 9332
|d 9332
|
| 952 |
|
|
|0 0
|1 0
|2 ddc
|4 0
|6 005_756500000000000_FER_2009
|7 0
|9 11879
|a BRACUL
|b BRACUL
|c GEN
|d 2010-09-20
|l 2
|m 39
|o 005.7565 FER
|p 3010020586
|r 2023-10-10
|s 2023-02-08
|t 1
|w 2010-09-20
|y BK
|